| 000 | 00467nam a2200181Ia 4500 | ||
|---|---|---|---|
| 003 | OSt | ||
| 005 | 20140321093039.0 | ||
| 008 | 140130s9999 xx 000 0 und d | ||
| 020 | _a0439288398 | ||
| 050 |
_aLB 1574.5 _b.B76 2002 |
||
| 100 | _aBromley, Karen | ||
| 245 |
_cKaren Bromley. _aStretching students' vocabulary / |
||
| 260 |
_bScholastic, _c2002. _aNew York : |
||
| 300 |
_a128 p. : _bill. ; _c26 cm. |
||
| 440 | _v1 | ||
| 942 |
_cBK _2lcc |
||
| 999 |
_c41878 _d41878 |
||